[Event "Blitz 2018"]
[Site "Saint-Petersburg"]
[Date "2018.12.30"]
[Round "13"]
[Board "72"]
[White "Sanikidze Tornike (GEO)"]
[Black "Bocharov Ivan (RUS)"]
[Result "0-1"]
[LiveChessVersion "1.4.8"]
[BlackElo "2715"]
[WhiteElo "2484"]

1. d4 d5 2. c4 {[%clk 0:03:03]} c6 {[%clk 0:03:05]} 3. Nf3 Nf6 4. cxd5
{[%clk 0:03:04]} cxd5 {[%clk 0:03:08]} 5. Nc3 {[%clk 0:03:05]} Nc6
{[%clk 0:03:09]} 6. Bf4 {[%clk 0:03:06]} e6 {[%clk 0:03:10]} 7. e3
{[%clk 0:03:06]} Nh5 {[%clk 0:03:09]} 8. Be5 {[%clk 0:03:00]} Be7
{[%clk 0:02:52]} 9. Bd3 {[%clk 0:02:42]} O-O {[%clk 0:02:36]} 10. O-O
{[%clk 0:02:38]} f6 {[%clk 0:02:32]} 11. Bg3 {[%clk 0:02:39]} Nxg3
{[%clk 0:02:22]} 12. hxg3 {[%clk 0:02:37]} f5 {[%clk 0:02:23]} 13. Rc1
{[%clk 0:02:35]} Bd7 {[%clk 0:02:25]} 14. Na4 {[%clk 0:02:17]} Rc8
{[%clk 0:02:17]} 15. Nc5 {[%clk 0:02:12]} Rc7 {[%clk 0:02:18]} 16. Bb5
{[%clk 0:01:58]} Bc8 {[%clk 0:02:04]} 17. Qa4 {[%clk 0:01:45]} Qd6
{[%clk 0:01:43]} 18. Bxc6 {[%clk 0:01:37]} Qxc6 {[%clk 0:01:29]} 19. Qxc6
{[%clk 0:01:20]} Rxc6 {[%clk 0:01:29]} 20. Nd3 {[%clk 0:01:07]} Rb6
{[%clk 0:01:17]} 21. Nfe5 {[%clk 0:01:03]} Bd6 {[%clk 0:01:18]} 22. b3
{[%clk 0:01:04]} Rd8 {[%clk 0:01:16]} 23. Rc2 {[%clk 0:00:41]} Bd7
{[%clk 0:01:15]} 24. Nxd7 {[%clk 0:00:41]} Rxd7 {[%clk 0:01:16]} 25. Rfc1
{[%clk 0:00:43]} Ra6 {[%clk 0:01:11]} 26. Kf1 {[%clk 0:00:43]} Kf7
{[%clk 0:01:11]} 27. a4 {[%clk 0:00:39]} Rb6 {[%clk 0:01:11]} 28. Rc3
{[%clk 0:00:40]} Ke7 {[%clk 0:01:11]} 29. Ke2 {[%clk 0:00:39]} Rd8
{[%clk 0:01:04]} 30. R1c2 {[%clk 0:00:39]} Rb8 {[%clk 0:01:01]} 31. Kd1
{[%clk 0:00:39]} Rc6 {[%clk 0:01:03]} 32. Rxc6 {[%clk 0:00:24]} bxc6
{[%clk 0:01:04]} 33. Rc3 {[%clk 0:00:23]} Kd7 {[%clk 0:01:04]} 34. Kc2
{[%clk 0:00:24]} g5 {[%clk 0:01:03]} 35. Nc5+ {[%clk 0:00:19]} Bxc5
{[%clk 0:01:03]} 36. Rxc5 {[%clk 0:00:19]} Kc7 {[%clk 0:01:04]} 37. Kc3
{[%clk 0:00:17]} h5 {[%clk 0:01:05]} 38. b4 {[%clk 0:00:19]} a6 {[%clk 0:01:04]}
39. Kb3 {[%clk 0:00:18]} h4 {[%clk 0:01:00]} 40. Ka3 {[%clk 0:00:18]} Kb6
{[%clk 0:00:58]} 41. gxh4 {[%clk 0:00:09]} gxh4 {[%clk 0:01:00]} 42. Rc1
{[%clk 0:00:08]} Rg8 {[%clk 0:01:01]} 43. Rh1 {[%clk 0:00:09]} Rxg2
{[%clk 0:00:58]} 44. Rxh4 {[%clk 0:00:11]} Rxf2 {[%clk 0:00:59]} 45. Rh3
{[%clk 0:00:06]} f4 {[%clk 0:00:54]} 46. Kb3 {[%clk 0:00:05]} a5 {[%clk 0:00:51]}
47. bxa5+ {[%clk 0:00:04]} Kxa5 {[%clk 0:00:53]} 48. exf4 {[%clk 0:00:04]} Rxf4
{[%clk 0:00:53]} 49. Rh6 {[%clk 0:00:03]} Rxd4 {[%clk 0:00:53]} 50. Rxe6
{[%clk 0:00:04]} Rb4+ {[%clk 0:00:54]} 51. Kc3 {[%clk 0:00:06]} Rc4+
{[%clk 0:00:53]} 52. Kb3 {[%clk 0:00:07]} Rc1 {[%clk 0:00:51]} 53. Re8
{[%clk 0:00:05]} d4 {[%clk 0:00:51]} 54. Rd8 {[%clk 0:00:05]} c5 {[%clk 0:00:51]}
55. Ra8+ {[%clk 0:00:03]} Kb6 {[%clk 0:00:52]} 56. Rb8+ {[%clk 0:00:05]} Kc7
{[%clk 0:00:53]} 57. Rh8 {[%clk 0:00:05]} d3 {[%clk 0:00:50]} 58. Rh5
{[%clk 0:00:04]} d2 {[%clk 0:00:50]} 0-1

[Event "Blitz 2018"]
[Site "Saint-Petersburg"]
[Date "2018.12.30"]
[Round "13"]
[Board "73"]
[White "Alekseenko Kirill (RUS)"]
[Black "Zubritskiy Artyom (RUS)"]
[Result "1/2-1/2"]
[LiveChessVersion "1.4.8"]
[BlackElo "2513"]
[WhiteElo "2665"]

1. e4 {[%clk 0:03:02]} c5 {[%clk 0:03:04]} 2. Nf3 {[%clk 0:03:03]} e6
{[%clk 0:03:05]} 3. d4 {[%clk 0:03:04]} cxd4 {[%clk 0:03:06]} 4. Nxd4
{[%clk 0:03:05]} a6 {[%clk 0:03:08]} 5. Nc3 {[%clk 0:03:05]} Qc7 {[%clk 0:03:09]}
6. Be2 {[%clk 0:03:05]} b5 {[%clk 0:03:10]} 7. O-O {[%clk 0:02:55]} Bb7
{[%clk 0:03:12]} 8. Re1 {[%clk 0:02:49]} Nf6 {[%clk 0:02:51]} 9. Bf3
{[%clk 0:02:28]} d6 {[%clk 0:02:26]} 10. a4 {[%clk 0:02:29]} b4 {[%clk 0:02:23]}
11. Nd5 {[%clk 0:02:24]} exd5 {[%clk 0:02:17]} 12. exd5+ {[%clk 0:02:25]} Kd8
{[%clk 0:02:17]} 13. Bg5 {[%clk 0:02:24]} Nbd7 {[%clk 0:02:03]} 14. Nc6+
{[%clk 0:01:51]} Bxc6 {[%clk 0:02:01]} 15. dxc6 {[%clk 0:01:52]} Nc5
{[%clk 0:01:58]} 16. Qd4 {[%clk 0:01:42]} Be7 {[%clk 0:01:44]} 17. Qxb4
{[%clk 0:01:34]} Ne6 {[%clk 0:01:27]} 18. Be3 {[%clk 0:01:31]} Rb8
{[%clk 0:01:28]} 19. Qc4 {[%clk 0:01:21]} Qa5 {[%clk 0:00:27]} 20. c3
{[%clk 0:01:11]} Nc7 {[%clk 0:00:05]} 21. b4 {[%clk 0:01:08]} Qf5
{[%clk 0:00:05]} 22. Ba7 {[%clk 0:00:50]} Ra8 {[%clk 0:00:03]} 23. Bb6
{[%clk 0:00:51]} Rc8 {[%clk 0:00:04]} 24. b5 {[%clk 0:00:48]} d5 {[%clk 0:00:04]}
25. Qd4 {[%clk 0:00:42]} Bd6 {[%clk 0:00:05]} 26. c4 {[%clk 0:00:32]} Re8
{[%clk 0:00:05]} 27. Rxe8+ {[%clk 0:00:30]} Nfxe8 {[%clk 0:00:06]} 28. Re1
{[%clk 0:00:25]} Qf4 {[%clk 0:00:05]} 29. Qxf4 {[%clk 0:00:21]} Bxf4
{[%clk 0:00:06]} 30. cxd5 {[%clk 0:00:19]} axb5 {[%clk 0:00:06]} 31. axb5
{[%clk 0:00:20]} Nd6 {[%clk 0:00:08]} 32. Be2 {[%clk 0:00:17]} Rb8
{[%clk 0:00:09]} 33. Ba5 {[%clk 0:00:10]} Ra8 {[%clk 0:00:07]} 34. Ra1
{[%clk 0:00:06]} Kc8 {[%clk 0:00:06]} 35. b6 {[%clk 0:00:06]} Be5
{[%clk 0:00:05]} 36. b7+ {[%clk 0:00:08]} Nxb7 {[%clk 0:00:07]} 37. cxb7+
{[%clk 0:00:09]} Kxb7 38. Rb1+ Kc8 {[%clk 0:00:09]} 39. Bd2 {[%clk 0:00:07]} Kd7
{[%clk 0:00:09]} 40. g3 {[%clk 0:00:08]} Ra2 {[%clk 0:00:07]} 41. Bg4+
{[%clk 0:00:08]} Kd6 {[%clk 0:00:08]} 42. Bb4+ {[%clk 0:00:10]} Kxd5
{[%clk 0:00:09]} 43. Bf3+ {[%clk 0:00:11]} Kc4 {[%clk 0:00:10]} 44. Be1
{[%clk 0:00:06]} Ra1 {[%clk 0:00:11]} 45. Rxa1 {[%clk 0:00:05]} Bxa1
{[%clk 0:00:12]} 46. Kg2 {[%clk 0:00:06]} Ne6 {[%clk 0:00:12]} 47. Be2+
{[%clk 0:00:07]} Kd5 {[%clk 0:00:13]} 48. h4 {[%clk 0:00:08]} g6 {[%clk 0:00:13]}
49. Bf3+ {[%clk 0:00:09]} Ke5 {[%clk 0:00:14]} 50. Ba5 {[%clk 0:00:10]} Kf6
{[%clk 0:00:15]} 51. Bd5 {[%clk 0:00:10]} Be5 {[%clk 0:00:14]} 52. Kf3
{[%clk 0:00:11]} Bb2 53. g4 {[%clk 0:00:11]} Kg7 {[%clk 0:00:09]} 54. Ke4
{[%clk 0:00:11]} Nc5+ {[%clk 0:00:10]} 55. Ke3 {[%clk 0:00:11]} Ne6
{[%clk 0:00:07]} 56. Ke4 {[%clk 0:00:08]} Nc5+ {[%clk 0:00:09]} 57. Kf3
{[%clk 0:00:09]} Ne6 {[%clk 0:00:09]} 58. Ba2 {[%clk 0:00:10]} Bd4
{[%clk 0:00:08]} 59. Bd2 {[%clk 0:00:11]} Kf6 {[%clk 0:00:07]} 60. Ke4
{[%clk 0:00:12]} Bxf2 {[%clk 0:00:07]} 61. Bc3+ {[%clk 0:00:11]} Ke7
{[%clk 0:00:08]} 62. h5 {[%clk 0:00:12]} gxh5 {[%clk 0:00:04]} 63. gxh5
{[%clk 0:00:14]} Bh4 {[%clk 0:00:04]} 64. Kf5 {[%clk 0:00:15]} h6
{[%clk 0:00:04]} 65. Bb4+ {[%clk 0:00:14]} Kd7 {[%clk 0:00:06]} 66. Bd2
{[%clk 0:00:13]} Bg5 {[%clk 0:00:06]} 67. Bb4 {[%clk 0:00:13]} Bc1
{[%clk 0:00:06]} 68. Bc3 {[%clk 0:00:13]} Bg5 {[%clk 0:00:07]} 69. Be5
{[%clk 0:00:14]} Nd8 {[%clk 0:00:04]} 70. Bf6 {[%clk 0:00:12]} Ne6
{[%clk 0:00:05]} 71. Bxg5 {[%clk 0:00:11]} Nxg5 {[%clk 0:00:06]} 72. Kf6
{[%clk 0:00:12]} Ne4+ {[%clk 0:00:05]} 73. Kxf7 {[%clk 0:00:10]} 1/2-1/2

[Event "Blitz 2018"]
[Site "Saint-Petersburg"]
[Date "2018.12.30"]
[Round "13"]
[Board "74"]
[White "Piorun Kacper (POL)"]
[Black "Sokolov Andrei (LAT)"]
[Result "1-0"]
[LiveChessVersion "1.4.8"]
[BlackElo "2507"]
[WhiteElo "2646"]

1. g3 {[%clk 0:03:03]} d5 {[%clk 0:03:04]} 2. Bg2 {[%clk 0:03:04]} Nf6
{[%clk 0:03:05]} 3. Nf3 {[%clk 0:03:06]} c6 {[%clk 0:03:06]} 4. O-O
{[%clk 0:03:06]} Bg4 {[%clk 0:03:07]} 5. c4 {[%clk 0:02:59]} e6 {[%clk 0:03:06]}
6. cxd5 {[%clk 0:03:00]} exd5 {[%clk 0:03:07]} 7. Qb3 {[%clk 0:03:00]} Qb6
{[%clk 0:03:00]} 8. Qc2 {[%clk 0:03:01]} Nbd7 {[%clk 0:02:48]} 9. d3
{[%clk 0:03:01]} Be7 {[%clk 0:02:48]} 10. Nc3 {[%clk 0:03:00]} O-O
{[%clk 0:02:49]} 11. e4 {[%clk 0:02:52]} dxe4 {[%clk 0:02:35]} 12. dxe4
{[%clk 0:02:53]} Qa5 {[%clk 0:02:24]} 13. h3 {[%clk 0:02:46]} Bxf3
{[%clk 0:02:23]} 14. Bxf3 {[%clk 0:02:46]} Rfe8 {[%clk 0:02:20]} 15. Bg2
{[%clk 0:02:46]} Rad8 {[%clk 0:02:16]} 16. Be3 {[%clk 0:02:33]} Bc5
{[%clk 0:01:59]} 17. Rae1 {[%clk 0:02:20]} Bxe3 {[%clk 0:01:59]} 18. Rxe3
{[%clk 0:02:21]} Ne5 19. Kh1 {[%clk 0:02:14]} Qc5 {[%clk 0:01:50]} 20. Re2
{[%clk 0:02:07]} Nd3 {[%clk 0:01:24]} 21. a3 {[%clk 0:01:51]} a5 {[%clk 0:01:13]}
22. Rd2 {[%clk 0:01:26]} Ne5 {[%clk 0:01:10]} 23. Rfd1 {[%clk 0:01:04]} Qe7
{[%clk 0:00:55]} 24. f4 {[%clk 0:00:55]} Nc4 {[%clk 0:00:53]} 25. Rxd8
{[%clk 0:00:49]} Rxd8 {[%clk 0:00:55]} 26. Rxd8+ Qxd8 {[%clk 0:00:56]} 27. Qe2
{[%clk 0:00:51]} Qd4 {[%clk 0:00:52]} 28. e5 {[%clk 0:00:47]} Ne8
{[%clk 0:00:38]} 29. a4 {[%clk 0:00:31]} Nc7 {[%clk 0:00:29]} 30. Kh2
{[%clk 0:00:19]} Kf8 {[%clk 0:00:27]} 31. h4 {[%clk 0:00:18]} h6 {[%clk 0:00:28]}
32. h5 {[%clk 0:00:12]} Ne6 {[%clk 0:00:27]} 33. Bh3 {[%clk 0:00:08]} Nxf4
{[%clk 0:00:22]} 34. gxf4 {[%clk 0:00:07]} Qxf4+ {[%clk 0:00:23]} 35. Kg1
{[%clk 0:00:07]} Nxe5 {[%clk 0:00:20]} 36. Bg2 {[%clk 0:00:07]} Ng4
{[%clk 0:00:20]} 37. Nd1 {[%clk 0:00:04]} Qh2+ {[%clk 0:00:20]} 38. Kf1
{[%clk 0:00:05]} Qf4+ {[%clk 0:00:20]} 39. Ke1 {[%clk 0:00:06]} Qxa4
{[%clk 0:00:19]} 40. Qd3 Qb4+ {[%clk 0:00:19]} 41. Nc3 {[%clk 0:00:04]} Qe7+
{[%clk 0:00:19]} 42. Kd2 {[%clk 0:00:04]} Ne5 {[%clk 0:00:19]} 43. Qe4
{[%clk 0:00:04]} Qd6+ {[%clk 0:00:20]} 44. Kc2 {[%clk 0:00:05]} f6
{[%clk 0:00:20]} 45. Qf5 {[%clk 0:00:03]} Ke7 {[%clk 0:00:19]} 46. Be4
{[%clk 0:00:04]} b5 {[%clk 0:00:20]} 47. Qf2 {[%clk 0:00:05]} b4 {[%clk 0:00:20]}
48. Na4 {[%clk 0:00:05]} Ng4 {[%clk 0:00:17]} 49. Qa7+ {[%clk 0:00:06]} Ke6
{[%clk 0:00:18]} 50. Nc5+ {[%clk 0:00:04]} Ke5 {[%clk 0:00:19]} 51. Bd3
{[%clk 0:00:04]} Ne3+ {[%clk 0:00:20]} 52. Kd2 {[%clk 0:00:04]} Nc4+ 53. Kc2 Ne3+
{[%clk 0:00:22]} 54. Kb1 {[%clk 0:00:04]} Kf4 {[%clk 0:00:22]} 55. Qb6
{[%clk 0:00:03]} Kf3 {[%clk 0:00:19]} 56. Qxa5 {[%clk 0:00:04]} b3
{[%clk 0:00:18]} 57. Qc3 {[%clk 0:00:04]} f5 {[%clk 0:00:18]} 58. Nxb3
{[%clk 0:00:04]} f4 {[%clk 0:00:19]} 59. Nd2+ {[%clk 0:00:04]} Kg4
{[%clk 0:00:17]} 60. Be2+ {[%clk 0:00:05]} Kh3 {[%clk 0:00:18]} 61. Ne4
{[%clk 0:00:03]} Qe6 {[%clk 0:00:15]} 62. Bf3 {[%clk 0:00:04]} Qf5
{[%clk 0:00:16]} 63. Qe1 {[%clk 0:00:05]} Ng4 64. Qf1+ {[%clk 0:00:06]} Kh4 65.
Qh1+ 1-0

[Event "Blitz 2018"]
[Site "Saint-Petersburg"]
[Date "2018.12.30"]
[Round "13"]
[Board "75"]
[White "Abdusattorov Nodirbek (UZB)"]
[Black "Bindrich Falko (GER)"]
[Result "0-1"]
[LiveChessVersion "1.4.8"]
[BlackElo "2639"]
[WhiteElo "2469"]

1. e4 {[%clk 0:03:03]} c5 {[%clk 0:03:03]} 2. Nf3 {[%clk 0:03:03]} d6
{[%clk 0:03:04]} 3. d4 {[%clk 0:03:03]} cxd4 {[%clk 0:03:05]} 4. Nxd4
{[%clk 0:03:04]} Nf6 {[%clk 0:03:06]} 5. f3 {[%clk 0:03:05]} e5 {[%clk 0:03:04]}
6. Nb3 {[%clk 0:03:05]} Be7 {[%clk 0:02:58]} 7. c4 {[%clk 0:03:04]} a5
{[%clk 0:02:59]} 8. Be3 {[%clk 0:03:03]} a4 {[%clk 0:02:59]} 9. N3d2
{[%clk 0:03:02]} Nc6 {[%clk 0:03:00]} 10. Nc3 {[%clk 0:03:02]} a3
{[%clk 0:02:59]} 11. b3 {[%clk 0:02:55]} O-O {[%clk 0:02:59]} 12. Bd3
{[%clk 0:02:45]} h5 {[%clk 0:03:00]} 13. O-O {[%clk 0:02:44]} h4 {[%clk 0:03:01]}
14. Qe1 {[%clk 0:02:26]} Nh5 {[%clk 0:03:01]} 15. Nd5 {[%clk 0:02:26]} Bg5
{[%clk 0:02:58]} 16. Bb6 {[%clk 0:02:23]} Qd7 {[%clk 0:02:54]} 17. c5
{[%clk 0:02:21]} Nf4 {[%clk 0:02:32]} 18. Nxf4 {[%clk 0:02:17]} Bxf4
{[%clk 0:02:31]} 19. Nc4 {[%clk 0:02:15]} dxc5 {[%clk 0:02:28]} 20. Rd1
{[%clk 0:02:15]} Qe7 {[%clk 0:02:24]} 21. Ne3 {[%clk 0:02:02]} Nb4
{[%clk 0:02:18]} 22. Bb1 {[%clk 0:01:59]} Ra6 {[%clk 0:02:11]} 23. Nc4
{[%clk 0:01:27]} Be6 {[%clk 0:02:11]} 24. g3 {[%clk 0:01:12]} hxg3 25. hxg3
{[%clk 0:01:14]} Bxc4 {[%clk 0:02:05]} 26. bxc4 {[%clk 0:01:11]} Bh6
{[%clk 0:02:06]} 27. Bxc5 {[%clk 0:00:32]} Qxc5+ {[%clk 0:02:07]} 28. Kg2
{[%clk 0:00:33]} Rd6 {[%clk 0:02:08]} 29. Qc3 {[%clk 0:00:23]} Rfd8
{[%clk 0:02:06]} 30. Rxd6 {[%clk 0:00:22]} Rxd6 {[%clk 0:02:05]} 31. f4
{[%clk 0:00:18]} Nc6 {[%clk 0:01:59]} 32. Rf2 {[%clk 0:00:13]} b5
{[%clk 0:01:48]} 33. Qf3 {[%clk 0:00:04]} bxc4 {[%clk 0:01:45]} 34. Qh5
{[%clk 0:00:04]} c3 {[%clk 0:01:31]} 35. Bc2 {[%clk 0:00:05]} Rd2
{[%clk 0:01:31]} 36. Rxd2 {[%clk 0:00:04]} cxd2 37. Bb3 Qe7 {[%clk 0:01:27]} 38.
Qd1 {[%clk 0:00:05]} exf4 {[%clk 0:01:27]} 0-1

[Event "Blitz 2018"]
[Site "Saint-Petersburg"]
[Date "2018.12.30"]
[Round "13"]
[Board "76"]
[White "Drygalov Sergey (RUS)"]
[Black "Shaposhnikov Evgeny (RUS)"]
[Result "1-0"]
[LiveChessVersion "1.4.8"]
[BlackElo "2603"]
[WhiteElo "2428"]

1. d4 {[%clk 0:03:03]} Nf6 {[%clk 0:03:03]} 2. Nf3 {[%clk 0:03:04]} e6
{[%clk 0:03:03]} 3. c4 {[%clk 0:03:06]} b6 {[%clk 0:03:03]} 4. g3
{[%clk 0:03:06]} Bb4+ {[%clk 0:03:04]} 5. Bd2 {[%clk 0:03:06]} c5
{[%clk 0:03:04]} 6. Bg2 {[%clk 0:03:05]} Bb7 {[%clk 0:03:06]} 7. O-O
{[%clk 0:02:56]} O-O {[%clk 0:03:06]} 8. Bxb4 {[%clk 0:02:54]} cxb4
{[%clk 0:03:07]} 9. Qd3 {[%clk 0:02:54]} a5 {[%clk 0:03:03]} 10. Nbd2
{[%clk 0:02:54]} d6 {[%clk 0:03:01]} 11. e4 {[%clk 0:02:53]} e5 {[%clk 0:02:46]}
12. Ne1 {[%clk 0:02:43]} Re8 {[%clk 0:02:31]} 13. Nc2 {[%clk 0:02:43]} Na6
{[%clk 0:02:18]} 14. Ne3 {[%clk 0:02:35]} Qc7 {[%clk 0:02:04]} 15. Nf5
{[%clk 0:01:48]} g6 {[%clk 0:01:53]} 16. Ne3 {[%clk 0:01:38]} Rad8
{[%clk 0:01:50]} 17. Rac1 {[%clk 0:01:28]} Qe7 {[%clk 0:01:28]} 18. Nd5
{[%clk 0:00:29]} Nxd5 {[%clk 0:01:27]} 19. cxd5 {[%clk 0:00:30]} exd4
{[%clk 0:01:27]} 20. Qxd4 {[%clk 0:00:27]} Nc5 {[%clk 0:01:28]} 21. Rfe1
{[%clk 0:00:23]} Qe5 {[%clk 0:01:17]} 22. Qxe5 {[%clk 0:00:22]} dxe5
{[%clk 0:01:10]} 23. Bf1 {[%clk 0:00:22]} f5 {[%clk 0:01:09]} 24. f3
{[%clk 0:00:21]} fxe4 {[%clk 0:00:47]} 25. fxe4 {[%clk 0:00:22]} Ne6
{[%clk 0:00:37]} 26. dxe6 {[%clk 0:00:17]} Rxd2 {[%clk 0:00:38]} 27. Rc7
{[%clk 0:00:18]} Ba8 {[%clk 0:00:29]} 28. e7 {[%clk 0:00:14]} Kf7
{[%clk 0:00:12]} 29. Bc4+ {[%clk 0:00:15]} Kf6 {[%clk 0:00:12]} 30. Rf1+
{[%clk 0:00:16]} Kg5 {[%clk 0:00:12]} 31. Rf8 {[%clk 0:00:10]} Bc6
{[%clk 0:00:10]} 32. Bd5 {[%clk 0:00:06]} Bb5 {[%clk 0:00:10]} 33. Bc4
{[%clk 0:00:07]} Rd7 {[%clk 0:00:07]} 34. Bxb5 {[%clk 0:00:05]} Rdxe7
{[%clk 0:00:08]} 35. Rxe7 {[%clk 0:00:05]} Rxe7 {[%clk 0:00:09]} 36. h4+
{[%clk 0:00:06]} Kg4 {[%clk 0:00:08]} 37. Kg2 {[%clk 0:00:08]} Kh5 38. Be2+
{[%clk 0:00:08]} Kh6 {[%clk 0:00:09]} 39. g4 {[%clk 0:00:09]} Rc7
{[%clk 0:00:11]} 40. Rf2 {[%clk 0:00:09]} Rc1 {[%clk 0:00:10]} 41. g5+
{[%clk 0:00:10]} Kg7 {[%clk 0:00:11]} 42. b3 {[%clk 0:00:11]} h6 {[%clk 0:00:11]}
43. Bc4 {[%clk 0:00:12]} hxg5 {[%clk 0:00:12]} 44. hxg5 {[%clk 0:00:13]} Re1
{[%clk 0:00:13]} 45. Rf7+ {[%clk 0:00:14]} Kh8 {[%clk 0:00:14]} 46. Rf6
{[%clk 0:00:13]} Kg7 {[%clk 0:00:15]} 47. Rxb6 {[%clk 0:00:14]} Rxe4
{[%clk 0:00:16]} 48. Rb5 {[%clk 0:00:14]} a4 {[%clk 0:00:16]} 49. Rxb4
{[%clk 0:00:12]} axb3 {[%clk 0:00:17]} 50. axb3 {[%clk 0:00:13]} Rg4+
{[%clk 0:00:19]} 51. Kf3 {[%clk 0:00:14]} Rxg5 {[%clk 0:00:20]} 52. Rb7+
{[%clk 0:00:15]} Kh6 {[%clk 0:00:20]} 53. b4 {[%clk 0:00:14]} Rf5+
{[%clk 0:00:22]} 54. Ke3 {[%clk 0:00:16]} Rf4 {[%clk 0:00:22]} 55. Bd3
{[%clk 0:00:15]} Rd4 {[%clk 0:00:21]} 56. b5 {[%clk 0:00:16]} Rb4
{[%clk 0:00:19]} 57. Re7 {[%clk 0:00:14]} Kg5 {[%clk 0:00:14]} 58. Rxe5+
{[%clk 0:00:15]} Kf6 {[%clk 0:00:16]} 59. Rc5 {[%clk 0:00:15]} g5
{[%clk 0:00:15]} 60. Rf5+ {[%clk 0:00:16]} Ke6 {[%clk 0:00:12]} 61. Rxg5 Kd6 62.
Kd2 {[%clk 0:00:17]} Kc7 {[%clk 0:00:13]} 63. Kc3 {[%clk 0:00:18]} Rf4
{[%clk 0:00:14]} 64. Rg6 {[%clk 0:00:18]} Kb7 {[%clk 0:00:14]} 65. Bc4
{[%clk 0:00:19]} Kc7 {[%clk 0:00:14]} 66. Kb4 {[%clk 0:00:20]} Rf2
{[%clk 0:00:12]} 67. Kc5 {[%clk 0:00:20]} Rc2 {[%clk 0:00:12]} 68. Rg7+
{[%clk 0:00:20]} Kd8 {[%clk 0:00:13]} 69. b6 {[%clk 0:00:20]} Kc8
{[%clk 0:00:14]} 70. Kb5 {[%clk 0:00:18]} Kb8 {[%clk 0:00:15]} 71. Rg8+
{[%clk 0:00:17]} 1-0

[Event "Blitz 2018"]
[Site "Saint-Petersburg"]
[Date "2018.12.30"]
[Round "13"]
[Board "77"]
[White "Huzman Alexander (ISR)"]
[Black "Teterev Vitaly (BLR)"]
[Result "1/2-1/2"]
[LiveChessVersion "1.4.8"]
[BlackElo "2397"]
[WhiteElo "2543"]

1. d4 {[%clk 0:03:03]} Nf6 {[%clk 0:03:04]} 2. c4 {[%clk 0:03:04]} g6
{[%clk 0:03:05]} 3. Nf3 {[%clk 0:03:06]} Bg7 {[%clk 0:03:06]} 4. g3
{[%clk 0:03:07]} O-O {[%clk 0:03:07]} 5. Bg2 {[%clk 0:03:08]} d6 {[%clk 0:03:06]}
6. O-O {[%clk 0:03:08]} Nbd7 {[%clk 0:03:08]} 7. Nc3 {[%clk 0:03:07]} e5
{[%clk 0:03:09]} 8. h3 {[%clk 0:03:08]} Re8 {[%clk 0:03:07]} 9. e4
{[%clk 0:03:08]} exd4 {[%clk 0:03:04]} 10. Nxd4 {[%clk 0:03:09]} a6
{[%clk 0:03:05]} 11. Re1 {[%clk 0:02:59]} Rb8 {[%clk 0:03:02]} 12. b3
{[%clk 0:02:57]} Ne5 {[%clk 0:02:56]} 13. a4 {[%clk 0:02:49]} Bd7
{[%clk 0:02:39]} 14. Be3 {[%clk 0:02:42]} c5 {[%clk 0:02:29]} 15. Nde2
{[%clk 0:02:24]} Qc7 {[%clk 0:02:04]} 16. f4 {[%clk 0:02:17]} Nc6
{[%clk 0:02:01]} 17. Qd2 {[%clk 0:02:19]} Nb4 {[%clk 0:01:58]} 18. g4
{[%clk 0:02:10]} Bc6 {[%clk 0:01:55]} 19. Ng3 {[%clk 0:02:10]} b5
{[%clk 0:01:52]} 20. axb5 {[%clk 0:02:04]} axb5 {[%clk 0:01:54]} 21. cxb5
{[%clk 0:02:01]} Bxb5 {[%clk 0:01:54]} 22. Nxb5 {[%clk 0:02:02]} Rxb5
{[%clk 0:01:55]} 23. Rad1 {[%clk 0:02:03]} Rb6 {[%clk 0:01:48]} 24. Bf2
{[%clk 0:02:02]} Reb8 {[%clk 0:01:20]} 25. g5 {[%clk 0:01:59]} Ne8
{[%clk 0:01:21]} 26. e5 {[%clk 0:01:42]} dxe5 {[%clk 0:01:17]} 27. f5
{[%clk 0:01:43]} Nc6 {[%clk 0:00:55]} 28. Bxc5 {[%clk 0:01:31]} Rxb3
{[%clk 0:00:50]} 29. fxg6 {[%clk 0:01:21]} hxg6 {[%clk 0:00:47]} 30. Ne4
{[%clk 0:01:16]} Nd4 {[%clk 0:00:46]} 31. Bxd4 {[%clk 0:01:11]} exd4 32. Rc1 Qb6
{[%clk 0:00:39]} 33. Kh1 {[%clk 0:01:13]} Re3 {[%clk 0:00:26]} 34. Rf1
{[%clk 0:01:08]} Qe6 {[%clk 0:00:25]} 35. Nc5 {[%clk 0:01:01]} Qe7
{[%clk 0:00:25]} 36. Qf2 {[%clk 0:00:56]} Nd6 {[%clk 0:00:25]} 37. Qf4
{[%clk 0:00:55]} Rf8 {[%clk 0:00:22]} 38. h4 {[%clk 0:00:42]} Nf5
{[%clk 0:00:22]} 39. Kg1 {[%clk 0:00:44]} d3 {[%clk 0:00:22]} 40. Nb3
{[%clk 0:00:41]} Re2 {[%clk 0:00:15]} 41. Rcd1 {[%clk 0:00:38]} Qa7+
{[%clk 0:00:15]} 42. Rf2 {[%clk 0:00:35]} Ne3 {[%clk 0:00:15]} 43. Rxd3
{[%clk 0:00:31]} Nxg2 {[%clk 0:00:12]} 44. Kxg2 {[%clk 0:00:31]} Qb7+
{[%clk 0:00:11]} 45. Qf3 {[%clk 0:00:28]} 1/2-1/2